=LDR 00000nam 2200000 4500 =001 INLIS000000000046741 =005 20150430173936.0 =006 =007 =008 =035 ##$$0010-041500000000223 =082 ##$$a 028.5 =090 ##$$a 028.5 uta f.1 =100 ##$$a ninik utami =245 ##$$a fatimah az zahra =260 ##$$a mizan pustaka =300 ##$$a hln. 110 =850 ##$$a NPBMAT =990 ##$$a 0001/BPAP-NTB/20142015 =990 ##$$a 0001/BPAP-NTB/20142015